O código Da Vinci / (Record no. 75)

MARC details
000 -LÍDER
campo de controle de tamanho fixo 02454nam a2200373 4500
001 - NÚMERO DE CONTROLE
campo de controle 75
003 - IDENTIFICADOR DO NÚMERO DE CONTROLE
campo de controle OSt
005 - DATA E HORÁRIO DA ÚLTIMA TRANSAÇÃO
campo de controle 20250528074011.0
008 - CAMPO DE DADOS FIXOS--INFORMAÇÃO GERAL
campo de controle de tamanho fixo 250123b |||||||g |||| 00| 1 eng d
020 ## - ISBN - INTERNATIONAL STANDARD BOOK NUMBER
ISBN - International Standard Book Number 8575421131
040 ## - FONTE DA CATALOGAÇÃO
Idioma da catalogação por
041 ## - CÓDIGO DE IDIOMA
Código do idioma do original e/ou traduções intermediárias do texto eng
Código do idioma do texto/trilha sonora ou título diferente por
082 ## - CDD - CLASSIFICAÇÃO DECIMAL DE DEWEY
Número de Classificação 813
Número do exemplar B877c
100 1# - ENTRADA PRINCIPAL--NOME PESSOAL
Nome pessoal Brown, Dan,
Datas associadas ao nome 1964-
9 (RLIN) 179
240 ## - TÍTULO UNIFORME
Título uniforme The Da Vinci code
245 ## - TÍTULO
Título O código Da Vinci /
Indicação de responsabilidade, etc. Brown, Dan ; Tradução de Celina Cavalcante Falck-Cook
260 ## - PUBLICAÇÃO, DISTRIBUIÇÃO, ETC.
Local de publicação, distribuição, etc. Rio de Janeiro
Nome do editor, distribuidor, etc. Sextante
Data da publicação, distribuição, etc. 2004
300 ## - DESCRIÇÃO FÍSICA
Extensão 479 p.
490 1# - TÍTULO DA SÉRIE
Título da série Saga Robert Langdon
Número do volume ou designação sequencial da série Livro 02
500 ## - NOTA GERAL
Nota geral O código Da Vinci<br/><br/>Sequência de: Anjos e Demonios
520 ## - NOTA DE RESUMO, ETC.
Resumo, etc. Um assassinato dentro do Museu do Louvre, em Paris, traz à tona uma sinistra conspiração para revelar um segredo que foi protegido por uma sociedade secreta desde os tempos de Jesus Cristo. A vítima é o respeitado curador do museu, Jacques Saunière, um dos líderes dessa antiga fraternidade, o Priorado de Sião, que já teve como membros Leonardo da Vinci, Victor Hugo e Isaac Newton. Momentos antes de morrer, Saunière consegue deixar uma mensagem cifrada na cena do crime que apenas sua neta, a criptógrafa francesa Sophie Neveu, e Robert Langdon, um famoso simbologista de Harvard, podem desvendar. Os dois transformam-se em suspeitos e em detetives enquanto percorrem as ruas de Paris e de Londres tentando decifrar um intricado quebra-cabeças que pode lhes revelar um segredo milenar que envolve a Igreja Católica.<br/>Apenas alguns passos à frente das autoridades e do perigoso assassino, Sophie e Robert vão à procura de pistas ocultas nas obras de Da Vinci e se debruçam sobre alguns dos maiores mistérios da cultura ocidental - da natureza do sorriso da Mona Lisa ao significado do Santo Graal. Mesclando com perfeição os ingredientes de uma envolvente história de suspense com informações sobre obras de arte, documentos e rituais secretos, Dan Brown consagrou-se como um dos autores mais brilhantes da atualidade. "O Código da Vinci" prende o leitor da primeira à última página.
650 #0 - ASSUNTO--TERMO TÓPICO
Cabeçalho tópico ou nome geográfico Literatura Americana
9 (RLIN) 84
650 #0 - ASSUNTO--TERMO TÓPICO
Cabeçalho tópico ou nome geográfico Suspense
9 (RLIN) 10
650 #0 - ASSUNTO--TERMO TÓPICO
Cabeçalho tópico ou nome geográfico Mistério
9 (RLIN) 42
650 #0 - ASSUNTO--TERMO TÓPICO
Cabeçalho tópico ou nome geográfico Aventura
9 (RLIN) 47
650 #0 - ASSUNTO--TERMO TÓPICO
Cabeçalho tópico ou nome geográfico Histórico
9 (RLIN) 53
650 #0 - ASSUNTO--TERMO TÓPICO
Cabeçalho tópico ou nome geográfico Religião
9 (RLIN) 100
650 #0 - ASSUNTO--TERMO TÓPICO
Cabeçalho tópico ou nome geográfico Filme
9 (RLIN) 26
655 #0 - TERMO DE ÍNDICE--GÊNERO E FORMA
Gênero/forma/ou termo foco Romance
655 #0 - TERMO DE ÍNDICE--GÊNERO E FORMA
Gênero/forma/ou termo foco Ficção
700 ## - ENTRADA ADICIONADA - NOME PESSOAL
Nome pessoal Celina Cavalcante Falck-Cook
Função do autor por extenso Tradutor
9 (RLIN) 183
830 ## - ENTRADA SECUNDÁRIA DE SÉRIE--TÍTULO UNIFORME
Título uniforme Saga Robert Langdon
9 (RLIN) 181
Número do volume ou designação sequencial da série Livro 02
942 ## - ELEMENTOS DE ENTRADA ADICIONADOS (KOHA)
Fonte de classificação ou esquema de arquivamento Classificação decimal de Dewey
Ocultar no OPAC Não
Tipo de material Koha Livros
Holdings
Situação do descarte Situação das perdas Fonte de classificação ou esquema de arquivamento Materiais especificados (volume encadernado ou outra parte) Status danificado Não pode ser emprestado Coleção Biblioteca de origem Biblioteca atual Localização na estante Data de aquisição Fonte de aquisição Total de empréstimos Número de chamada completo Código de barras Data de último acesso Data do preço efetivo Tipo de material Koha
    Classificação decimal de Dewey Livro 02     Ficção Biblioteca Professor Eduardo Afonso de Castro Biblioteca Professor Eduardo Afonso de Castro Literatura Estrangeira 26.10.2010 doação   813 / B877c 2025-1184 23.01.2025 23.01.2025 Livros
    Classificação decimal de Dewey       Ficção Biblioteca Professor Eduardo Afonso de Castro Biblioteca Professor Eduardo Afonso de Castro Literatura Estrangeira 20.05.2026 doação   813 / B877c 2026-17452 20.05.2026 20.05.2026 Livros

Powered by Koha